National concrete frame specification for building construction. (Record no. 97262)

MARC details
000 -LEADER
fixed length control field 00877cam a2200289 4500
001 - CONTROL NUMBER
control field J93125
008 - FIXED-LENGTH DATA ELEMENTS--GENERAL INFORMATION
fixed length control field 090401t1998 xxu||||| |||| 00| 0 eng d
020 ## - INTERNATIONAL STANDARD BOOK NUMBER
International Standard Book Number 1860811957
035 ## - SYSTEM CONTROL NUMBER
System control number (Sirsi) u87679
041 ## - LANGUAGE CODE
Language code of text/sound track or separate title eng
050 ## - LIBRARY OF CONGRESS CALL NUMBER
Classification number 693.5
110 ## - MAIN ENTRY--CORPORATE NAME
Corporate name or jurisdiction name as entry element Building Research Establishment
245 ## - TITLE STATEMENT
Title National concrete frame specification for building construction.
260 ## - PUBLICATION, DISTRIBUTION, ETC.
Place of publication, distribution, etc. London
Name of publisher, distributor, etc. Construction Research Communications
Date of publication, distribution, etc. 1998
300 ## - PHYSICAL DESCRIPTION
Extent xiv,39p. ; 30cm.
350 ## - PRICE (NR) (BK AM CF MU VM SE) [OBSOLETE]
Price 19.5
490 ## - SERIES STATEMENT
Series statement BR
Volume/sequential designation 337
650 ## - SUBJECT ADDED ENTRY--TOPICAL TERM
Topical term or geographic name entry element CONCRETE FRAME CONSTRUCTION
650 ## - SUBJECT ADDED ENTRY--TOPICAL TERM
Topical term or geographic name entry element CONCRETE FRAME SPECIFICATION
650 ## - SUBJECT ADDED ENTRY--TOPICAL TERM
Topical term or geographic name entry element SPECIFICATIONS
690 ## - LOCAL SUBJECT ADDED ENTRY--TOPICAL TERM (OCLC, RLIN)
Topical term or geographic name as entry element BUILT ENVIRONMENT
710 ## - ADDED ENTRY--CORPORATE NAME
Corporate name or jurisdiction name as entry element United Kingdom
Subordinate unit Department of the Environment, Transport and the Regions
9 (RLIN) 3507
710 ## - ADDED ENTRY--CORPORATE NAME
Corporate name or jurisdiction name as entry element CONSTRUCT
9 (RLIN) 3655
710 ## - ADDED ENTRY--CORPORATE NAME
Corporate name or jurisdiction name as entry element Reinforced Concrete Council
9 (RLIN) 3339
942 ## - ADDED ENTRY ELEMENTS (KOHA)
Suppress in OPAC 0
948 ## - LOCAL PROCESSING INFORMATION (OCLC); SERIES PART DESIGNATOR (RLIN)
c (OCLC) 28/07/1998
Holdings
Withdrawn status Lost status Source of classification or shelving scheme Damaged status Not for loan Home library Current library Shelving location Date acquired Cost, normal purchase price Total Checkouts Full call number Barcode Date last seen Copy number Cost, replacement price Price effective from Koha item type
    Dewey Decimal Classification     London London Basement 29/10/1998 19.50   SHELF 203 30056670 06/08/2019 1 19.50 06/08/2019 Book